|
|
|
|
| LEADER |
00000nab a2200000 ar4500 |
| 001 |
vtls010692470 |
| 003 |
SK-MaSNL |
| 005 |
20260303090030.0 |
| 008 |
150714c20150324xo mr|p|||||||000 b|slo |
| 038 |
|
|
|a SNSK
|
| 040 |
|
|
|b slo
|c SNSK
|e AACR2
|
| 041 |
|
|
|a slo
|
| 044 |
|
|
|a xo
|c SK
|
| 080 |
|
|
|a 681.772.7
|x (437.671)
|2 2001
|
| 080 |
|
|
|a 351.74
|x (437.671)
|2 2001
|
| 100 |
1 |
|
|a Hakl, Róbert
|4 aut
|9 877264
|
| 245 |
1 |
0 |
|a V centre pribudne až 9 kamier
|b metropola východu bude bezpečnejšia
|c Róbert Hakl
|
| 300 |
|
|
|b Fotogr.
|
| 650 |
0 |
7 |
|a kamerový systém
|x monitoring mesta
|2 snsk
|9 1054205
|
| 650 |
0 |
7 |
|a bezpečnosť občanov
|2 snsk
|9 593995
|
| 651 |
|
7 |
|a Košice (Slovensko)
|2 snsk
|9 18694
|
| 773 |
0 |
|
|t Nový Čas
|g Roč. 25, č. 69 (24.3.2015), s. 10
|x 1335-4655
|
| 852 |
|
|
|a SNSK
|b KIS3GCP
|
| 999 |
|
|
|c 1801566
|d 1803496
|